000 00327pam a2200133 a 4500
020 _a81-242-0307-5
_c
041 _h
082 _a658.45
_bCRE
100 _aGREEN A.,
245 _aCREATIVITY IN PUBLIC RELATIONS
_hTextual Documents
260 _aNEW DELHI
_bCREST PUBLISHING HOUSE
_c2003
300 _aXVI+200
930 _a9495
999 _c128948
_d128948